Fabrication of the Ni[3]Al-based alloy formed by spark plasma sintering of VKNA powders; IOP Conference Series: Materials Science and Engineering; Vol. 124 : Mechanical Engineering, Automation and Control Systems (MEACS2015)

Библиографические подробности
Источник:IOP Conference Series: Materials Science and Engineering
Vol. 124 : Mechanical Engineering, Automation and Control Systems (MEACS2015).— 2016.— [012113, 6 p.]
Корпоративные авторы: Национальный исследовательский Томский политехнический университет (ТПУ) Энергетический институт (ЭНИН) Кафедра электроснабжения промышленных предприятий (ЭПП), Национальный исследовательский Томский политехнический университет (ТПУ) Институт физики высоких технологий (ИФВТ) Кафедра материаловедения и технологии металлов (МТМ)
Другие авторы: Shevtsova L. I., Ivashutenko A. S. Alexander Sergeevich, Martyushev N. V. Nikita Vladimirovich, Kuzmin R. I.
Примечания:Title screen
The material based on Ni[3]Al intermetallic has been obtained from the industrial powder of a VKNA type by the method of spark plasma sintering. Materials sintering was conducted at the temperature of 1100 °С, compacting pressure of 20 MPa, and during soaking time equal to 5 minutes. The heating rate of samples amounted to 50 and 200 °С/min. It has been established that the material obtained by sintering at the rate of 50 °С/min possesses a maximum value of density (5.93 g/cm{3}) and a maximum level of bending strength (~ 400 MPa).
Язык:английский
Опубликовано: 2016
Серии:Materials Science in Mechanical Engineering
Предметы:
Online-ссылка:http://dx.doi.org/10.1088/1757-899X/124/1/012113
http://earchive.tpu.ru/handle/11683/33875
Формат: Электронный ресурс Статья
Запись в KOHA:https://koha.lib.tpu.ru/cgi-bin/koha/opac-detail.pl?biblionumber=648579

MARC

LEADER 00000nla2a2200000 4500
001 648579
005 20231229101938.0
035 |a (RuTPU)RU\TPU\network\13738 
035 |a RU\TPU\network\13737 
090 |a 648579 
100 |a 20160525a2016 k y0engy50 ba 
101 0 |a eng 
102 |a GB 
105 |a y z 100zy 
135 |a drcn ---uucaa 
181 0 |a i  
182 0 |a b 
200 1 |a Fabrication of the Ni[3]Al-based alloy formed by spark plasma sintering of VKNA powders  |f L. I. Shevtsova [et al.] 
203 |a Text  |c electronic 
225 1 |a Materials Science in Mechanical Engineering 
300 |a Title screen 
320 |a [References: 12 tit.] 
330 |a The material based on Ni[3]Al intermetallic has been obtained from the industrial powder of a VKNA type by the method of spark plasma sintering. Materials sintering was conducted at the temperature of 1100 °С, compacting pressure of 20 MPa, and during soaking time equal to 5 minutes. The heating rate of samples amounted to 50 and 200 °С/min. It has been established that the material obtained by sintering at the rate of 50 °С/min possesses a maximum value of density (5.93 g/cm{3}) and a maximum level of bending strength (~ 400 MPa). 
461 0 |0 (RuTPU)RU\TPU\network\2008  |t IOP Conference Series: Materials Science and Engineering 
463 0 |0 (RuTPU)RU\TPU\network\13617  |t Vol. 124 : Mechanical Engineering, Automation and Control Systems (MEACS2015)  |o International Conference, 1–4 December 2015, Tomsk, Russia  |o [proceedings]  |v [012113, 6 p.]  |d 2016 
610 1 |a электронный ресурс 
610 1 |a труды учёных ТПУ 
610 1 |a сплавы 
610 1 |a плазма 
610 1 |a спекание 
610 1 |a порошки 
610 1 |a интерметаллиды 
610 1 |a плазменное спекание 
610 1 |a прочность 
701 1 |a Shevtsova  |b L. I. 
701 1 |a Ivashutenko  |b A. S.  |c specialist in the field of electrical engineering  |c Associate Professor of the Tomsk Polytechnic University, Candidate of technical sciences  |f 1981-  |g Alexander Sergeevich  |3 (RuTPU)RU\TPU\pers\33076  |9 16908 
701 1 |a Martyushev  |b N. V.  |c specialist in the field of material science  |c Associate Professor of Tomsk Polytechnic University, Candidate of technical sciences  |f 1981-  |g Nikita Vladimirovich  |3 (RuTPU)RU\TPU\pers\32906  |9 16754 
701 1 |a Kuzmin  |b R. I. 
712 0 2 |a Национальный исследовательский Томский политехнический университет (ТПУ)  |b Энергетический институт (ЭНИН)  |b Кафедра электроснабжения промышленных предприятий (ЭПП)  |3 (RuTPU)RU\TPU\col\18676 
712 0 2 |a Национальный исследовательский Томский политехнический университет (ТПУ)  |b Институт физики высоких технологий (ИФВТ)  |b Кафедра материаловедения и технологии металлов (МТМ)  |3 (RuTPU)RU\TPU\col\18689 
801 2 |a RU  |b 63413507  |c 20161125  |g RCR 
856 4 |u http://dx.doi.org/10.1088/1757-899X/124/1/012113 
856 4 |u http://earchive.tpu.ru/handle/11683/33875 
942 |c CF